000
00361nam a2200157Ia 4500
003
0STCL
008
150530s9999 xx 000 0 und d
040
_a
STCL
_c
STCL
100
_a
Drew Thomas, B.
245
_a
Hanbook of vector and polyadic analysis
260
_c
1961
546
_a
English
942
_2
ddc
_c
BK
999
_c
23243
_d
23243
005
20220125165951.0